00687npc a2200169Ia 4500001002100000003001000021008004100031040002500072041000700097100001100104245015500115250001100270260003700281300001400318500016900332650001600501te4-817 [d000000740]IT-MiCISF161014s9999||||xx | und|| aIT-MiCISFcIT-MiCISF ait aAA.VV. 0aSiamo solo partiti primabLe politiche sociali per gli anziani nella prospettiva europea, interventi di rete e nuovi modelli organizzativi dei servizi a1a ed. aBolognabComune di Bolognac1990 app.assim. aAssessorato al coordinamento delle politiche sociali (a cura di) / anziani, servizi-anziani, politiche-sociali, assistenza-domiciliare, volontariato, popolazione /  aterza-età€